| 000 | 00816 a2200229 4500 | ||
|---|---|---|---|
| 003 | OSt | ||
| 005 | 20230320101712.0 | ||
| 008 | 220428s2020 mx a||||r|||| 00| 0 spa d | ||
| 020 | _a9786079578886 | ||
| 040 | _cCHAP | ||
| 082 | 0 | 4 |
_a324.620972 _bC23 _222 |
| 100 | 1 |
_9186292 _aCarrera Barroso, José Antonio |
|
| 245 | 1 | 0 |
_aGobernanza electoral y voto extraterritorial en México 2005-2018 / _cpor José Antonio Carrera Barroso. |
| 264 | 0 | 1 |
_aGuanajuato, México : _bInstituto Electoral del Estado de Guanajuato, _c2020. |
| 300 |
_a340 páginas. _bcuadros, figuras. |
||
| 504 | _aIncluye bibliografía. | ||
| 650 | 2 |
_9124743 _aDerecho electoral |
|
| 650 | 7 |
_936208 _aElecciones _xMéxico |
|
| 650 | 2 |
_9186293 _aVoto Transnacional |
|
| 650 | 2 |
_9186294 _aMexicanos _xPaises extranjeros _xSufragio |
|
| 942 |
_2ddc _cLIBRO |
||
| 999 |
_c209234 _d209234 |
||